000 00311nam a22001337a 4500
020 _a0-13-693797-7
082 _a621.3675 SAX'P
100 _aSAXBY, GRAHAM
_967227
245 _aPRACTICAL HOLOGRAPHY
260 _aNEWYORK
_bPRENTICE HALL
_c1988
300 _a488P
650 _aHOLOGRAPHY
_967228
942 _cBK
999 _c575051
_d575051